000 00682nam a2200193Ia 4500
008 151121s9999||||xx |||||||||||||| ||und||
082 _a407/अग्रवा
082 _bHNW-65613
100 _aअग्रवाल विजय
245 _aअपनी हिंदी सुधारें
260 _b"प्रकाशन विभाग , भारत सरकार ।"
260 _c--
300 _a207
600 _aअग्रवाल विजय
630 _aअपनी हिंदी सुधारें
700 _aअग्रवाल विजय
730 _aअपनी हिंदी सुधारें
942 _cBOOK
999 _c1247120
_d1247117